Les coéquipiers de Memphis Depay à l'OL - Statistiques

Statistiques générales
  • Ce quiz a été pris 101 fois
  • Le résultat moyen est 31 sur 60
Statistiques - réponses
Saisons Nationalité Joueur Nombre de matchs Poste % Correct
2017-2021 Portugal Anthony Lopes 166 G
97%
2017-2021 Algérie Houssem Aouar 130 M
90%
2017-2020 Brésil Marçal 52 D
89%
2017-2021 Côte d'Ivoire Maxwel Cornet 127 A/D
89%
2017-2020 Burkina Faso Bertrand Traoré 87 A
87%
2018-2021 Belgique Jason Denayer 90 D
86%
2019-2021 France Maxence Caqueret 37 M
84%
2020-2021 Brésil Lucas Paquetá 31 M
83%
2017-2019 France Nabil Fekir 87 M
80%
2018-2019 France Yassin Fekir 1 M
80%
2017 France Corentin Tolisso 12 M
77%
2017-2021 Brésil Marcelo 138 D
76%
2017 France Alexandre Lacazette 14 A
74%
2020-2021 Brésil Bruno Guimarães 38 M
74%
2018-2021 France Moussa Dembélé 61 A
72%
2017-2019 Madagascar Jérémy Morel 65 D
71%
2020-2021 Cameroun Karl Toko Ekambi 36 A
67%
2018-2021 France Léo Dubois 82 D
67%
2020-2021 France Rayan Cherki 22 M
66%
2020-2021 Zimbabwe Tino Kadewere 30 A
66%
2017-2018 République Dominicaine Mariano Díaz 41 A
64%
2019-2020 Danemark Joachim Andersen 17 D
62%
2017-2020 Pays-Bas Kenny Tete 59 D
61%
2017-2020 Brésil Rafael 64 D
60%
2017-2020 France Lucas Tousart 107 M
57%
2017 Espagne Sergi Darder 13 M
54%
2017 France Maxime Gonalons 15 M
52%
2017 Algérie Rachid Ghezzal 7 A
49%
2017-2019 France Tanguy Ndombélé 82 M
49%
2020-2021 Italie Mattia De Sciglio 29 D
47%
2020-2021 Côte d'Ivoire Sinaly Diomandé 26 D
47%
2019-2021 Brésil Thiago Mendes 53 M
47%
2017-2019 France Ferland Mendy 70 D
46%
2020-2021 Algérie Islam Slimani 17 A
46%
2019-2020 Mali Youssouf Koné 12 D
44%
2017-2019 France Jordan Ferri 42 M
38%
2020-2021 Allemagne Julian Pollersbeck 2 G
38%
2020-2021 France Malo Gusto 1 D
38%
2018-2020 France Martin Terrier 44 A
38%
2017 France Mathieu Valbuena 10 M
38%
2017 France Christophe Jallet 9 D
37%
2019-2020 France Jeff Reine-Adélaïde 14 M
37%
2017-2018 Algérie Amine Gouiri 4 A
36%
2017 Pologne Maciej Rybus 5 D
36%
2017 France Mapou Yanga-Mbiwa 13 D
33%
2017-2018 Guinée Mouctar Diakhaby 27 D
33%
2017 Cameroun Nicolas N'Koulou 5 D
33%
2019-2021 Brésil Jean Lucas 12 M
32%
2017-2019 France Mathieu Gorgelin 11 G
32%
2017 Argentine Emanuel Mammana 11 D
30%
2019-2021 France Melvin Bard 17 D
30%
2017-2018 France Clément Grenier 1 M
29%
2020-2021 Algérie Djamel Eddine Benlamri 6 D
24%
2017-2018 Comores Myziane Maolida 15 A
22%
2017-2018 Luxembourg Christopher Martins Pereira 2 M
18%
2017 France Jean-Philippe Mateta 1 A
13%
2017-2019 Sénégal Pape Cheikh 17 M
11%
2018-2019 France Oumar Solet 1 D
10%
2017-2018 France Willem Geubbels 2 A
10%
2020-2021 France Yahya Soumaré 1 A
6%
Aucun quiz correspondant
Distribution des résultats
% des personnes avec chaque résultat
Percentile par nombre de réponses
Votre historique - résultats
Vous n’avez pas pris ce quiz